| 000 | 01006naa a2200277 c 4500 | ||
|---|---|---|---|
| 001 | 40634 | ||
| 003 | ES-MaCES | ||
| 005 | 20101005133300.0 | ||
| 008 | 100910n2010 xxkd t 000 | eng d | ||
| 035 | _aCES20100009728v | ||
| 040 |
_aES-MaCES _bspa _cES-MaCES |
||
| 100 | 1 |
_aGuille, Zsuzsa _914252 |
|
| 245 | 1 | 0 |
_aActor networks, modes of production, an waste regimes _b: reassembling the macro-social _cZsuzsa Gille |
| 500 | _aResumen | ||
| 650 | 4 |
_acrecimiento de la producción _928245 |
|
| 650 | 4 |
_ainversión industrial _929394 |
|
| 650 | 4 |
_asector industrial _927618 |
|
| 650 | 4 |
_aplanificación de la producción _929414 |
|
| 650 | 4 |
_aproducción industrial _927653 |
|
| 650 | 4 |
_adesarrollo industrial _927623 |
|
| 653 | 1 | 0 | _aRelaciones laborales-Empleo |
| 773 | 0 |
_tEnvironment and planning _gvol. 42, no. 5 (May 2010){10245 R. 077141}; p. 1049-1064 _w(ES-MaCES)25259 _946159 |
|
| 902 | _aART Artículo de revista | ||
| 942 |
_2CES _cAR _h2.0. |
||
| 999 |
_c40634 _d40634 |
||